{"text_format":"3","workbook":"xlsx","n_sheets":1,"sheets":["Worksheet"],"read":"whole","date_system":"1900"}

{"sheet":"Worksheet","index":0,"n_rows":166,"n_cols":20,"rows_kept":166}
["№","Код участника","Название ОУ","СНИЛС","Фамилия","Имя","Отчество","Пол","Дата рождения","Участник с ОВЗ","Класс","Класс участия","Балл","Макс. балл","Статус","Призер МЭ прошлого года","Учитель","Место работы учителя","Направления и виды практик по технологии","Предмет"]
[78656,"401024_15645726085_11","МБОУ \"Лицей-интернат №24\" НМР РТ",15645726085,"Малыгин","Егор","Евгеньевич","м","03.10.2009","нет",8,8,56,70,"призер",null,"Ильясов А.И","МБОУ «Лицей-интернат №24» НМР РТ",null,"Экономика"]
[78657,"401024_16246927181_11","МБОУ \"Лицей-интернат №24\" НМР РТ",16246927181,"Абдуллин","Тимур","Давирович","м","25.09.2010","нет",7,7,36,70,"участник",null,"Ильясов А.И","МБОУ «Лицей-интернат №24» НМР РТ",null,"Экономика"]
[78658,"401024_17533465076_11","МБОУ \"Лицей-интернат №24\" НМР РТ",17533465076,"Юсупов","Билал","Ильнурович","м","05.03.2010","нет",7,7,20,70,"участник",null,"Ильясов А.И","МБОУ «Лицей-интернат №24» НМР РТ",null,"Экономика"]
[78659,"401024_15785046801_11","МБОУ \"Лицей-интернат №24\" НМР РТ",15785046801,"Файзуллин","Тимур","Айратович","м","18.03.2009","нет",8,8,46,70,"призер",null,"Ильясов А.И","МБОУ «Лицей-интернат №24» НМР РТ",null,"Экономика"]
[78660,"401024_16187663902_11","МБОУ \"Лицей-интернат №24\" НМР РТ",16187663902,"Мугизов","Ильдар","Ахтямович","м","17.01.2010","нет",8,8,40,70,"призер",null,"Ильясов А.И","МБОУ «Лицей-интернат №24» НМР РТ",null,"Экономика"]
[78661,"401024_16171253241_11","МБОУ \"Лицей-интернат №24\" НМР РТ",16171253241,"Никонов","Михаил","Алексеевич","м","17.01.2009","нет",8,8,66,70,"призер",null,"Ильясов А.И","МБОУ «Лицей-интернат №24» НМР РТ",null,"Экономика"]
[78662,"401024_17379814216_11","МБОУ \"Лицей-интернат №24\" НМР РТ",17379814216,"Упаев","Семён","Альбертович","м","04.02.2009","нет",8,8,60,70,"призер",null,"Ильясов А.И","МБОУ «Лицей-интернат №24» НМР РТ",null,"Экономика"]
[78663,"401024_15435726368_11","МБОУ \"Лицей-интернат №24\" НМР РТ",15435726368,"Калимуллин","Амир","Наилович","м","07.04.2009","нет",8,8,60,70,"призер",null,"Ильясов А.И","МБОУ «Лицей-интернат №24» НМР РТ",null,"Экономика"]
[78664,"401024_15503074229_11","МБОУ \"Лицей-интернат №24\" НМР РТ",15503074229,"Ибатуллин","Амир","Азатович","м","20.05.2009","нет",8,8,66,70,"призер",null,"Ильясов А.И","МБОУ «Лицей-интернат №24» НМР РТ",null,"Экономика"]
[78665,"401024_15823041752_11","МБОУ \"Лицей-интернат №24\" НМР РТ",15823041752,"Анисимов","Павел","Арсеньевич","м","07.04.2009","нет",8,8,56,70,"призер",null,"Ильясов А.И","МБОУ «Лицей-интернат №24» НМР РТ",null,"Экономика"]
[78666,"401024_17576632411_11","МБОУ \"Лицей-интернат №24\" НМР РТ",17576632411,"Измайлов","Артем","Маратович","м","28.10.2009","нет",8,8,28,70,"участник",null,"Ильясов А.И","МБОУ «Лицей-интернат №24» НМР РТ",null,"Экономика"]
[78667,"401024_15423877070_11","МБОУ \"Лицей-интернат №24\" НМР РТ",15423877070,"Биктагиров","Камиль","Вахитович","м","06.03.2009","нет",8,8,56,70,"призер",null,"Ильясов А.И","МБОУ «Лицей-интернат №24» НМР РТ",null,"Экономика"]
[78668,"401024_15716261970_11","МБОУ \"Лицей-интернат №24\" НМР РТ",15716261970,"Николаев","Михаил","Андреевич","м","22.11.2009","нет",8,8,70,70,"победитель",null,"Ильясов А.И","МБОУ «Лицей-интернат №24» НМР РТ",null,"Экономика"]
[78669,"401024_15724958803_11","МБОУ \"Лицей-интернат №24\" НМР РТ",15724958803,"Чернышев","Илья","Александрович","м","14.06.2009","нет",8,8,69,70,"призер",null,"Ильясов А.И","МБОУ «Лицей-интернат №24» НМР РТ",null,"Экономика"]
[78670,"401024_15645170973_11","МБОУ \"Лицей-интернат №24\" НМР РТ",15645170973,"Федоров","Степан","Артемович","м","09.10.2009","нет",8,8,34,70,"участник",null,"Ильясов А.И","МБОУ «Лицей-интернат №24» НМР РТ",null,"Экономика"]
[78671,"401024_16160484047_11","МБОУ \"Лицей-интернат №24\" НМР РТ",16160484047,"Новиков","Николай","Олегович","м","25.11.2008","нет",8,8,50,70,"призер",null,"Ильясов А.И","МБОУ «Лицей-интернат №24» НМР РТ",null,"Экономика"]
[78672,"401024_16226716257_11","МБОУ \"Лицей-интернат №24\" НМР РТ",16226716257,"Зимирев","Артур","Евгеньевич","м","05.11.2009","нет",7,7,50,70,"призер",null,"Ильясов А.И","МБОУ «Лицей-интернат №24» НМР РТ",null,"Экономика"]
[78673,"401024_16161545854_11","МБОУ \"Лицей-интернат №24\" НМР РТ",16161545854,"Баянов","Андрей","Владимирович","м","11.08.2010","нет",7,7,59,70,"победитель",null,"Ильясов А.И","МБОУ «Лицей-интернат №24» НМР РТ",null,"Экономика"]
[78674,"401024_15894049411_11","МБОУ \"Лицей-интернат №24\" НМР РТ",15894049411,"Пермяков","Олег","Андреевич","м","06.04.2010","нет",7,7,45,70,"призер",null,"Ильясов А.И","МБОУ «Лицей-интернат №24» НМР РТ",null,"Экономика"]
[78675,"401024_16155137045_11","МБОУ \"Лицей-интернат №24\" НМР РТ",16155137045,"Сытин","Михаил","Константинович","м","29.04.2010","нет",7,7,46,70,"призер",null,"Ильясов А.И","МБОУ «Лицей-интернат №24» НМР РТ",null,"Экономика"]
[78676,"401024_16148565580_11","МБОУ \"Лицей-интернат №24\" НМР РТ",16148565580,"Якимов","Максим","Максимович","м","21.07.2010","нет",7,7,51,70,"призер",null,"Ильясов А.И","МБОУ «Лицей-интернат №24» НМР РТ",null,"Экономика"]
[78677,"401024_16360834567_11","МБОУ \"Лицей-интернат №24\" НМР РТ",16360834567,"Мухаметшин","Давид","Рустамович","м","04.08.2010","нет",7,7,39,70,"призер",null,"Ильясов А.И","МБОУ «Лицей-интернат №24» НМР РТ",null,"Экономика"]
[78678,"401024_16379101373_11","МБОУ \"Лицей-интернат №24\" НМР РТ",16379101373,"Аллун","Абдульбари","Фейсалович","м","08.06.2008","нет",9,9,100,100,"победитель","Да","Ильясов А.И","МБОУ «Лицей-интернат №24» НМР РТ",null,"Экономика"]
[78679,"401024_15276591285_11","МБОУ \"Лицей-интернат №24\" НМР РТ",15276591285,"Галиев","Рашид","Русланович","м","12.11.2008","нет",9,9,91,100,"призер",null,"Ильясов А.И","МБОУ «Лицей-интернат №24» НМР РТ",null,"Экономика"]
[78680,"401024_18475852623_11","МБОУ \"Лицей-интернат №24\" НМР РТ",18475852623,"Ильин","Дмитрий","Викторович","м","24.06.2008","нет",9,9,95,100,"призер","Да","Ильясов А.И","МБОУ «Лицей-интернат №24» НМР РТ",null,"Экономика"]
[78681,"401024_17334863988_11","МБОУ \"Лицей-интернат №24\" НМР РТ",17334863988,"Халиуллин","Тимерлан","Робертович","м","17.02.2009","нет",9,9,88,100,"призер",null,"Ильясов А.И","МБОУ «Лицей-интернат №24» НМР РТ",null,"Экономика"]
[78682,"401024_16346751379_11","МБОУ \"Лицей-интернат №24\" НМР РТ",16346751379,"Козлов","Никита","Евгеньевич","м","08.07.2008","нет",9,9,38,100,"участник",null,"Ильясов А.И","МБОУ «Лицей-интернат №24» НМР РТ",null,"Экономика"]
[78683,"401024_17376854819_11","МБОУ \"Лицей-интернат №24\" НМР РТ",17376854819,"Фатыхов","Камиль","Ленарович","м","25.02.2008","нет",9,9,72,100,"призер",null,"Ильясов А.И","МБОУ «Лицей-интернат №24» НМР РТ",null,"Экономика"]
[78684,"401024_16401741233_11","МБОУ \"Лицей-интернат №24\" НМР РТ",16401741233,"Яруллин","Ильяс","Фаязович","м","10.05.2008","нет",9,9,66,100,"призер",null,"Ильясов А.И","МБОУ «Лицей-интернат №24» НМР РТ",null,"Экономика"]
[78685,"401024_15305359544_11","МБОУ \"Лицей-интернат №24\" НМР РТ",15305359544,"Бурганов","Карим","Ильгизович","м","15.02.2008","нет",9,9,70,100,"призер",null,"Ильясов А.И","МБОУ «Лицей-интернат №24» НМР РТ",null,"Экономика"]
[78686,"401024_17829845333_11","МБОУ \"Лицей-интернат №24\" НМР РТ",17829845333,"Тазеев","Ильшат","Илдарович","м","18.03.2008","нет",9,9,88,100,"призер",null,"Ильясов А.И","МБОУ «Лицей-интернат №24» НМР РТ",null,"Экономика"]
[78687,"401024_16501348440_11","МБОУ \"Лицей-интернат №24\" НМР РТ",16501348440,"Кашапов","Арсен","Русланович","м","09.07.2008","нет",9,9,82,100,"призер","Да","Ильясов А.И","МБОУ «Лицей-интернат №24» НМР РТ",null,"Экономика"]
[78688,"401024_16619606388_11","МБОУ \"Лицей-интернат №24\" НМР РТ",16619606388,"Шульга","Ярослав","Андреевич","м","27.06.2008","нет",9,9,80,100,"призер",null,"Ильясов А.И","МБОУ «Лицей-интернат №24» НМР РТ",null,"Экономика"]
[78689,"401024_17483963721_11","МБОУ \"Лицей-интернат №24\" НМР РТ",17483963721,"Шабуров","Тимур","Ринатович","м","03.05.2008","нет",9,9,79,100,"призер",null,"Ильясов А.И","МБОУ «Лицей-интернат №24» НМР РТ",null,"Экономика"]
[78690,"401024_14795700399_11","МБОУ \"Лицей-интернат №24\" НМР РТ",14795700399,"Обманщин","Евгений","Алексеевич","м","16.07.2007","нет",10,10,83,100,"победитель",null,"Ильясов А.И","МБОУ «Лицей-интернат №24» НМР РТ",null,"Экономика"]
[78691,"401024_14818560484_11","МБОУ \"Лицей-интернат №24\" НМР РТ",14818560484,"Абдуллин","Данис","Зуфарович","м","29.10.07","нет",10,10,75,100,"призер",null,"Ильясов А.И","МБОУ «Лицей-интернат №24» НМР РТ",null,"Экономика"]
[78692,"401024_15902076761_11","МБОУ \"Лицей-интернат №24\" НМР РТ",15902076761,"Ахметов","Аяз","Фанилович","м","18.04.2010","нет",7,7,2,70,"участник",null,"Ильясов А.И","МБОУ «Лицей-интернат №24» НМР РТ",null,"Экономика"]
[78693,"401024_19487156223_11","МБОУ \"Лицей-интернат №24\" НМР РТ",19487156223,"Аюпов","Амир","Динарович","м","19.09.2010","нет",7,7,2,70,"участник",null,"Ильясов А.И","МБОУ «Лицей-интернат №24» НМР РТ",null,"Экономика"]
[78694,"401024_16156354664_11","МБОУ \"Лицей-интернат №24\" НМР РТ",16156354664,"Вазиев","Ислам","Русланович","м","29.07.2010","нет",7,7,2,70,"участник",null,"Ильясов А.И","МБОУ «Лицей-интернат №24» НМР РТ",null,"Экономика"]
[78695,"401024_15708172066_11","МБОУ \"Лицей-интернат №24\" НМР РТ",15708172066,"Зарипов","Анвар","Азатович","м","03.12.2009","нет",7,7,2,70,"участник",null,"Ильясов А.И","МБОУ «Лицей-интернат №24» НМР РТ",null,"Экономика"]
[78696,"401024_15849929941_11","МБОУ \"Лицей-интернат №24\" НМР РТ",15849929941,"Бикулов","Степан","Александрович","м","05.03.2010","нет",7,7,3,70,"участник",null,"Ильясов А.И","МБОУ «Лицей-интернат №24» НМР РТ",null,"Экономика"]
[78697,"401024_16122787152_11","МБОУ \"Лицей-интернат №24\" НМР РТ",16122787152,"Шаймуратов","Азамат","Ильгизович","м","04.04.2010","нет",7,7,4,70,"участник",null,"Ильясов А.И","МБОУ «Лицей-интернат №24» НМР РТ",null,"Экономика"]
[78698,"401024_16358509085_11","МБОУ \"Лицей-интернат №24\" НМР РТ",16358509085,"Хузеев","Зульфат","Альбертович","м","23.04.2010","нет",7,7,5,70,"участник",null,"Ильясов А.И","МБОУ «Лицей-интернат №24» НМР РТ",null,"Экономика"]
[78699,"401024_16228991491_11","МБОУ \"Лицей-интернат №24\" НМР РТ",16228991491,"Тагиров","Анвар","Динарович","м","15.09.2010","нет",7,7,6,70,"участник",null,"Ильясов А.И","МБОУ «Лицей-интернат №24» НМР РТ",null,"Экономика"]
[78700,"401024_15886476939_11","МБОУ \"Лицей-интернат №24\" НМР РТ",15886476939,"Аглямов","Райнур","Рустамович","м","15.03.2010","нет",7,7,2,70,"участник",null,"Ильясов А.И","МБОУ «Лицей-интернат №24» НМР РТ",null,"Экономика"]
[78701,"401024_15898858565_11","МБОУ \"Лицей-интернат №24\" НМР РТ",15898858565,"Артемьев","Артем","Романович","м","19.12.2009","нет",7,7,4,70,"участник",null,"Ильясов А.И","МБОУ «Лицей-интернат №24» НМР РТ",null,"Экономика"]
[78702,"401024_19771238917_11","МБОУ \"Лицей-интернат №24\" НМР РТ",19771238917,"Ахунов","Булат","Маратович","м","28.04.2010","нет",7,7,6,70,"участник",null,"Ильясов А.И","МБОУ «Лицей-интернат №24» НМР РТ",null,"Экономика"]
[78703,"401024_17247637286_11","МБОУ \"Лицей-интернат №24\" НМР РТ",17247637286,"Бадрутдинов","Тимур","Эдуардович","м","17.03.2010","нет",7,7,7,70,"участник",null,"Ильясов А.И","МБОУ «Лицей-интернат №24» НМР РТ",null,"Экономика"]
[78704,"401024_16635349588_11","МБОУ \"Лицей-интернат №24\" НМР РТ",16635349588,"Бендюков","Савелий","Алексеевич","м","25.01.2010","нет",7,7,8,70,"участник",null,"Ильясов А.И","МБОУ «Лицей-интернат №24» НМР РТ",null,"Экономика"]
[78705,"401024_16243363651_11","МБОУ \"Лицей-интернат №24\" НМР РТ",16243363651,"Габдрахманов","Дамир","Ильнарович","м","26.05.2010","нет",7,7,9,70,"участник",null,"Ильясов А.И","МБОУ «Лицей-интернат №24» НМР РТ",null,"Экономика"]
[78706,"401024_16108114119_11","МБОУ \"Лицей-интернат №24\" НМР РТ",16108114119,"Гарипов","Карим","Айдарович","м","03.06.2010","нет",7,7,null,70,"участник",null,"Ильясов А.И","МБОУ «Лицей-интернат №24» НМР РТ",null,"Экономика"]
[78707,"401024_17129814677_11","МБОУ \"Лицей-интернат №24\" НМР РТ",17129814677,"Ермолаев","Илья","Дмитриевич","м","24.02.2010","нет",7,7,8,70,"участник",null,"Ильясов А.И","МБОУ «Лицей-интернат №24» НМР РТ",null,"Экономика"]
[78708,"401024_16082613653_11","МБОУ \"Лицей-интернат №24\" НМР РТ",16082613653,"Исламов","Камиль","Зиннурович","м","07.06.2010","нет",7,7,6,70,"участник",null,"Ильясов А.И","МБОУ «Лицей-интернат №24» НМР РТ",null,"Экономика"]
[78709,"401024_16231571137_11","МБОУ \"Лицей-интернат №24\" НМР РТ",16231571137,"Курманов","Карим","Ринатович","м","10.06.2010","нет",7,7,3,70,"участник",null,"Ильясов А.И","МБОУ «Лицей-интернат №24» НМР РТ",null,"Экономика"]
[78710,"401024_16079772601_11","МБОУ \"Лицей-интернат №24\" НМР РТ",16079772601,"Мартышев","Илья","Сабирович","м","01.06.2010","нет",7,7,2,70,"участник",null,"Ильясов А.И","МБОУ «Лицей-интернат №24» НМР РТ",null,"Экономика"]
[78711,"401024_17822463991_11","МБОУ \"Лицей-интернат №24\" НМР РТ",17822463991,"Мусин","Амирхан","Рустемович","м","19.06.2010","нет",7,7,5,70,"участник",null,"Ильясов А.И","МБОУ «Лицей-интернат №24» НМР РТ",null,"Экономика"]
[78712,"401024_15847257100_11","МБОУ \"Лицей-интернат №24\" НМР РТ",15847257100,"Мухаметгалиев","Данис","Ильнарович","м","06.03.2010","нет",7,7,1,70,"участник",null,"Ильясов А.И","МБОУ «Лицей-интернат №24» НМР РТ",null,"Экономика"]
[78713,"401024_16251158343_11","МБОУ \"Лицей-интернат №24\" НМР РТ",16251158343,"Сайфутдинов","Эдгар","Радикович","м","10.08.2010","нет",7,7,7,70,"участник",null,"Ильясов А.И","МБОУ «Лицей-интернат №24» НМР РТ",null,"Экономика"]
[78714,"401024_16135940761_11","МБОУ \"Лицей-интернат №24\" НМР РТ",16135940761,"Усманов","Константин","Дмитриевич","м","28.06.2010","нет",7,7,4,70,"участник",null,"Ильясов А.И","МБОУ «Лицей-интернат №24» НМР РТ",null,"Экономика"]
[78715,"401024_15732964491_11","МБОУ \"Лицей-интернат №24\" НМР РТ",15732964491,"Хаертдинов","Самат","Русланович","м","18.11.2009","нет",7,7,4,70,"участник",null,"Ильясов А.И","МБОУ «Лицей-интернат №24» НМР РТ",null,"Экономика"]
[78716,"401024_16159299495_11","МБОУ \"Лицей-интернат №24\" НМР РТ",16159299495,"Шайдуллин","Айбулат","Айдарович","м","29.06.2010","нет",7,7,5,70,"участник",null,"Ильясов А.И","МБОУ «Лицей-интернат №24» НМР РТ",null,"Экономика"]
[78717,"401024_15732865489_11","МБОУ \"Лицей-интернат №24\" НМР РТ",15732865489,"Шандыров","Роман","Витальевич","м","11.12.2009","нет",7,7,6,70,"участник",null,"Ильясов А.И","МБОУ «Лицей-интернат №24» НМР РТ",null,"Экономика"]
[78718,"401024_15819686923_11","МБОУ \"Лицей-интернат №24\" НМР РТ",15819686923,"Шикин","Глеб","Максимович","м","05.03.2010","нет",7,7,6,70,"участник",null,"Ильясов А.И","МБОУ «Лицей-интернат №24» НМР РТ",null,"Экономика"]
[78719,"401024_16528661895_11","МБОУ \"Лицей-интернат №24\" НМР РТ",16528661895,"Ахметшин","Рамир","Русланович","м","07.10.2010","нет",7,7,7,70,"участник",null,"Ильясов А.И","МБОУ «Лицей-интернат №24» НМР РТ",null,"Экономика"]
[78720,"401024_16392093175_11","МБОУ \"Лицей-интернат №24\" НМР РТ",16392093175,"Баев","Самир","Ленарович","м","10.03.2010","нет",7,7,3,70,"участник",null,"Ильясов А.И","МБОУ «Лицей-интернат №24» НМР РТ",null,"Экономика"]
[78721,"401024_16243364350_11","МБОУ \"Лицей-интернат №24\" НМР РТ",16243364350,"Гапонов","Степан","Евгеньевич","м","06.04.2010","нет",7,7,null,70,"участник",null,"Ильясов А.И","МБОУ «Лицей-интернат №24» НМР РТ",null,"Экономика"]
[78722,"401024_16192988406_11","МБОУ \"Лицей-интернат №24\" НМР РТ",16192988406,"Головачев","Глеб","Владимирович","м","17.06.2010","нет",7,7,null,70,"участник",null,"Ильясов А.И","МБОУ «Лицей-интернат №24» НМР РТ",null,"Экономика"]
[78723,"401024_15842380478_11","МБОУ \"Лицей-интернат №24\" НМР РТ",15842380478,"Денисов","Ярослав","Сергеевич","м","07.12.2009","нет",7,7,null,70,"участник",null,"Ильясов А.И","МБОУ «Лицей-интернат №24» НМР РТ",null,"Экономика"]
[78724,"401024_15960399205_11","МБОУ \"Лицей-интернат №24\" НМР РТ",15960399205,"Ибрагимов","Ильяс","Рамилевич","м","09.04.2010","нет",7,7,2,70,"участник",null,"Ильясов А.И","МБОУ «Лицей-интернат №24» НМР РТ",null,"Экономика"]
[78725,"401024_16221192729_11","МБОУ \"Лицей-интернат №24\" НМР РТ",16221192729,"Колпаков","Матвей","Евгеньевич","м","03.09.2010","нет",7,7,3,70,"участник",null,"Ильясов А.И","МБОУ «Лицей-интернат №24» НМР РТ",null,"Экономика"]
[78726,"401024_16130119814_11","МБОУ \"Лицей-интернат №24\" НМР РТ",16130119814,"Корнилов","Вадим","Дмитриевич","м","22.04.2010","нет",7,7,1,70,"участник",null,"Ильясов А.И","МБОУ «Лицей-интернат №24» НМР РТ",null,"Экономика"]
[78727,"401024_16298650305_11","МБОУ \"Лицей-интернат №24\" НМР РТ",16298650305,"Крешков","Даниил","Вячеславович","м","06.10.2010","нет",7,7,3,70,"участник",null,"Ильясов А.И","МБОУ «Лицей-интернат №24» НМР РТ",null,"Экономика"]
[78728,"401024_16226703046_11","МБОУ \"Лицей-интернат №24\" НМР РТ",16226703046,"Лобанов","Кирилл","Дмитриевич","м","06.09.2010","нет",7,7,5,70,"участник",null,"Ильясов А.И","МБОУ «Лицей-интернат №24» НМР РТ",null,"Экономика"]
[78729,"401024_16416646270_11","МБОУ \"Лицей-интернат №24\" НМР РТ",16416646270,"Морозов","Родион","Евгеньевич","м","03.02.2011","нет",7,7,6,70,"участник",null,"Ильясов А.И","МБОУ «Лицей-интернат №24» НМР РТ",null,"Экономика"]
[78730,"401024_16289050886_11","МБОУ \"Лицей-интернат №24\" НМР РТ",16289050886,"Савельев","Тимур","Дмитриевич","м","21.10.2010","нет",7,7,1,70,"участник",null,"Ильясов А.И","МБОУ «Лицей-интернат №24» НМР РТ",null,"Экономика"]
[78731,"401024_16063153739_11","МБОУ \"Лицей-интернат №24\" НМР РТ",16063153739,"Санников","Егор","Иванович","м","23.04.2010","нет",7,7,1,70,"участник",null,"Ильясов А.И","МБОУ «Лицей-интернат №24» НМР РТ",null,"Экономика"]
[78732,"401024_17203994367_11","МБОУ \"Лицей-интернат №24\" НМР РТ",17203994367,"Федоров","Макар","Александрович","м","19.03.2010","нет",7,7,1,70,"участник",null,"Ильясов А.И","МБОУ «Лицей-интернат №24» НМР РТ",null,"Экономика"]
[78733,"401024_16745715297_11","МБОУ \"Лицей-интернат №24\" НМР РТ",16745715297,"Сунгатов","Ильсур","Русланович","м","27.03.2009","нет",8,8,4,70,"участник",null,"Ильясов А.И","МБОУ «Лицей-интернат №24» НМР РТ",null,"Экономика"]
[78734,"401024_15909882924_11","МБОУ \"Лицей-интернат №24\" НМР РТ",15909882924,"Ахметзянов","Саид","Ленарович","м","28.12.2008","нет",8,8,5,70,"участник",null,"Ильясов А.И","МБОУ «Лицей-интернат №24» НМР РТ",null,"Экономика"]
[78735,"401024_15595531194_11","МБОУ \"Лицей-интернат №24\" НМР РТ",15595531194,"Ахметшин","Амир","Русланович","м","07.07.2009","нет",8,8,6,70,"участник",null,"Ильясов А.И","МБОУ «Лицей-интернат №24» НМР РТ",null,"Экономика"]
[78736,"401024_15616088672_11","МБОУ \"Лицей-интернат №24\" НМР РТ",15616088672,"Бердников","Ярослав","Евгеньевич","м","19.09.2009","нет",8,8,6,70,"участник",null,"Ильясов А.И","МБОУ «Лицей-интернат №24» НМР РТ",null,"Экономика"]
[78737,"401024_15423877171_11","МБОУ \"Лицей-интернат №24\" НМР РТ",15423877171,"Биктагиров","Нияз","Вахитович","м","06.03.2009","нет",8,8,7,70,"участник",null,"Ильясов А.И","МБОУ «Лицей-интернат №24» НМР РТ",null,"Экономика"]
[78738,"401024_15909883724_11","МБОУ \"Лицей-интернат №24\" НМР РТ",15909883724,"Гаврилов","Вадим","Павлович","м","10.11.2008","нет",8,8,3,70,"участник",null,"Ильясов А.И","МБОУ «Лицей-интернат №24» НМР РТ",null,"Экономика"]
[78739,"401024_15643166063_11","МБОУ \"Лицей-интернат №24\" НМР РТ",15643166063,"Гатауллин","Данияр","Айратович","м","25.09.2009","нет",8,8,null,70,"участник",null,"Ильясов А.И","МБОУ «Лицей-интернат №24» НМР РТ",null,"Экономика"]
[78740,"401024_16013448930_11","МБОУ \"Лицей-интернат №24\" НМР РТ",16013448930,"Дмитриев","Глеб","Николаевич","м","11.02.2009","нет",8,8,null,70,"участник",null,"Ильясов А.И","МБОУ «Лицей-интернат №24» НМР РТ",null,"Экономика"]
[78741,"401024_15651134248_11","МБОУ \"Лицей-интернат №24\" НМР РТ",15651134248,"Нуриев","Эмиль","Наилевич","м","31.10.2009","нет",8,8,2,70,"участник",null,"Ильясов А.И","МБОУ «Лицей-интернат №24» НМР РТ",null,"Экономика"]
[78742,"401024_15512899076_11","МБОУ \"Лицей-интернат №24\" НМР РТ",15512899076,"Киямов","Аяз","Русланович","м","12.05.2009","нет",8,8,3,70,"участник",null,"Ильясов А.И","МБОУ «Лицей-интернат №24» НМР РТ",null,"Экономика"]
[78743,"401024_15387516996_11","МБОУ \"Лицей-интернат №24\" НМР РТ",15387516996,"Менебаев","Вахит","Азатович","м","15.12.2008","нет",8,8,1,70,"участник",null,"Ильясов А.И","МБОУ «Лицей-интернат №24» НМР РТ",null,"Экономика"]
[78744,"401024_15466759103_11","МБОУ \"Лицей-интернат №24\" НМР РТ",15466759103,"Муртазин","Сайдаш","Маратович","м","05.01.2009","нет",8,8,3,70,"участник",null,"Ильясов А.И","МБОУ «Лицей-интернат №24» НМР РТ",null,"Экономика"]
[78745,"401024_15577376004_11","МБОУ \"Лицей-интернат №24\" НМР РТ",15577376004,"Пастухов","Игорь","Николаевич","м","26.05.2009","нет",8,8,5,70,"участник",null,"Ильясов А.И","МБОУ «Лицей-интернат №24» НМР РТ",null,"Экономика"]
[78746,"401024_16420667052_11","МБОУ \"Лицей-интернат №24\" НМР РТ",16420667052,"Сахибгареев","Мурат","Марсович","м","13.03.2009","нет",8,8,6,70,"участник",null,"Ильясов А.И","МБОУ «Лицей-интернат №24» НМР РТ",null,"Экономика"]
[78747,"401024_16408992900_11","МБОУ \"Лицей-интернат №24\" НМР РТ",16408992900,"Складчиков","Данила","Сергеевич","м","01.04.2009","нет",8,8,1,70,"участник",null,"Ильясов А.И","МБОУ «Лицей-интернат №24» НМР РТ",null,"Экономика"]
[78748,"401024_16440432239_11","МБОУ \"Лицей-интернат №24\" НМР РТ",16440432239,"Сычев","Дмитрий","Анатольевич","м","05.05.2009","нет",8,8,1,70,"участник",null,"Ильясов А.И","МБОУ «Лицей-интернат №24» НМР РТ",null,"Экономика"]
[78749,"401024_17270922571_11","МБОУ \"Лицей-интернат №24\" НМР РТ",17270922571,"Федоров","Максим","Николаевич","м","02.11.2009","нет",8,8,1,70,"участник",null,"Ильясов А.И","МБОУ «Лицей-интернат №24» НМР РТ",null,"Экономика"]
[78750,"401024_16406101222_11","МБОУ \"Лицей-интернат №24\" НМР РТ",16406101222,"Шакиров","Алим","Земфирович","м","14.01.2009","нет",8,8,4,70,"участник",null,"Ильясов А.И","МБОУ «Лицей-интернат №24» НМР РТ",null,"Экономика"]
[78751,"401024_16379102274_11","МБОУ \"Лицей-интернат №24\" НМР РТ",16379102274,"Андреев","Данис","Артемович","м","28.08.2009","нет",8,8,5,70,"участник",null,"Ильясов А.И","МБОУ «Лицей-интернат №24» НМР РТ",null,"Экономика"]
[78752,"401024_16587272713_11","МБОУ \"Лицей-интернат №24\" НМР РТ",16587272713,"Ганиев","Тимур","Эрикович","м","09.04.2009","нет",8,8,6,70,"участник",null,"Ильясов А.И","МБОУ «Лицей-интернат №24» НМР РТ",null,"Экономика"]
[78753,"401024_15538704178_11","МБОУ \"Лицей-интернат №24\" НМР РТ",15538704178,"Ершин","Георгий","Сергеевич","м","25.06.2009","нет",8,8,6,70,"участник",null,"Ильясов А.И","МБОУ «Лицей-интернат №24» НМР РТ",null,"Экономика"]
[78754,"401024_15762722586_11","МБОУ \"Лицей-интернат №24\" НМР РТ",15762722586,"Колесников","Герман","Вадимович","м","16.11.2009","нет",8,8,7,70,"участник",null,"Ильясов А.И","МБОУ «Лицей-интернат №24» НМР РТ",null,"Экономика"]
[78755,"401024_17541894398_11","МБОУ \"Лицей-интернат №24\" НМР РТ",17541894398,"Красильников","Кирилл","Артёмович","м","14.12.2008","нет",8,8,3,70,"участник",null,"Ильясов А.И","МБОУ «Лицей-интернат №24» НМР РТ",null,"Экономика"]
[78756,"401024_16079741489_11","МБОУ \"Лицей-интернат №24\" НМР РТ",16079741489,"Макарихин","Владислав","Денисович","м","26.12.2008","нет",8,8,null,70,"участник",null,"Ильясов А.И","МБОУ «Лицей-интернат №24» НМР РТ",null,"Экономика"]
[78757,"401024_15538664900_11","МБОУ \"Лицей-интернат №24\" НМР РТ",15538664900,"Миндаров","Малик","Рустемович","м","03.06.2009","нет",8,8,null,70,"участник",null,"Ильясов А.И","МБОУ «Лицей-интернат №24» НМР РТ",null,"Экономика"]
[78758,"401024_15677359213_11","МБОУ \"Лицей-интернат №24\" НМР РТ",15677359213,"Мусин","Алмаз","Альбертович","м","23.10.2009","нет",8,8,null,70,"участник",null,"Ильясов А.И","МБОУ «Лицей-интернат №24» НМР РТ",null,"Экономика"]
[78759,"401024_15700554646_11","МБОУ \"Лицей-интернат №24\" НМР РТ",15700554646,"Мухаметшин","Рустем","Артурович","м","26.10.2009","нет",8,8,2,70,"участник",null,"Ильясов А.И","МБОУ «Лицей-интернат №24» НМР РТ",null,"Экономика"]
[78760,"401024_15807139878_11","МБОУ \"Лицей-интернат №24\" НМР РТ",15807139878,"Рафиков","Али","Артурович","м","04.03.2009","нет",8,8,3,70,"участник",null,"Ильясов А.И","МБОУ «Лицей-интернат №24» НМР РТ",null,"Экономика"]
[78761,"401024_15503313221_11","МБОУ \"Лицей-интернат №24\" НМР РТ",15503313221,"Сабиров","Артур","Василевич","м","14.01.2009","нет",8,8,1,70,"участник",null,"Ильясов А.И","МБОУ «Лицей-интернат №24» НМР РТ",null,"Экономика"]
[78762,"401024_15643703063_11","МБОУ \"Лицей-интернат №24\" НМР РТ",15643703063,"Сармаев","Максим","Валерьевич","м","14.09.2009","нет",8,8,3,70,"участник",null,"Ильясов А.И","МБОУ «Лицей-интернат №24» НМР РТ",null,"Экономика"]
[78763,"401024_15674795218_11","МБОУ \"Лицей-интернат №24\" НМР РТ",15674795218,"Федотов","Кирилл","Вячеславович","м","02.02.2009","нет",8,8,5,70,"участник",null,"Ильясов А.И","МБОУ «Лицей-интернат №24» НМР РТ",null,"Экономика"]
[78764,"401024_16240521123_11","МБОУ \"Лицей-интернат №24\" НМР РТ",16240521123,"Филиппов","Александр","Сергеевич","м","20.09.2009","нет",8,8,6,70,"участник",null,"Ильясов А.И","МБОУ «Лицей-интернат №24» НМР РТ",null,"Экономика"]
[78765,"401024_17827613504_11","МБОУ \"Лицей-интернат №24\" НМР РТ",17827613504,"Хафизов","Тимур","Альбертович","м","03.04.2009","нет",8,8,1,70,"участник",null,"Ильясов А.И","МБОУ «Лицей-интернат №24» НМР РТ",null,"Экономика"]
[78766,"401024_15548679413_11","МБОУ \"Лицей-интернат №24\" НМР РТ",15548679413,"Шаяхметов","Самир","Ильясович","м","10.07.2009","нет",8,8,1,70,"участник",null,"Ильясов А.И","МБОУ «Лицей-интернат №24» НМР РТ",null,"Экономика"]
[78767,"401024_15913298184_11","МБОУ \"Лицей-интернат №24\" НМР РТ",15913298184,"Юсупов","Альмир","Маратович","м","19.04.2009","нет",8,8,1,70,"участник",null,"Ильясов А.И","МБОУ «Лицей-интернат №24» НМР РТ",null,"Экономика"]
[78768,"401024_18080824773_11","МБОУ \"Лицей-интернат №24\" НМР РТ",18080824773,"Юнусов","Эдуард","Ильназович","м","19.01.2009","нет",8,8,4,70,"участник",null,"Ильясов А.И","МБОУ «Лицей-интернат №24» НМР РТ",null,"Экономика"]
[78769,"401024_19133541559_11","МБОУ \"Лицей-интернат №24\" НМР РТ",19133541559,"Ягудин","Альфред","Альбертович","м","11.08.2009","нет",8,8,5,70,"участник",null,"Ильясов А.И","МБОУ «Лицей-интернат №24» НМР РТ",null,"Экономика"]
[78770,"401024_15790250882_11","МБОУ \"Лицей-интернат №24\" НМР РТ",15790250882,"Антропов","Артём","Игоревич","м","03.02.2008","нет",9,9,6,100,"участник",null,"Ильясов А.И","МБОУ «Лицей-интернат №24» НМР РТ",null,"Экономика"]
[78771,"401024_17247447988_11","МБОУ \"Лицей-интернат №24\" НМР РТ",17247447988,"Багавиев","Талгат","Рустамович","м","12.04.2008","нет",9,9,6,100,"участник",null,"Ильясов А.И","МБОУ «Лицей-интернат №24» НМР РТ",null,"Экономика"]
[78772,"401024_16346740172_11","МБОУ \"Лицей-интернат №24\" НМР РТ",16346740172,"Власьев","Илья","Владиславович","м","16.06.2008","нет",9,9,7,100,"участник",null,"Ильясов А.И","МБОУ «Лицей-интернат №24» НМР РТ",null,"Экономика"]
[78773,"401024_16248406466_11","МБОУ \"Лицей-интернат №24\" НМР РТ",16248406466,"Замалетдинов","Раиль","Маратович","м","08.07.2008","нет",9,9,null,100,"участник",null,"Ильясов А.И","МБОУ «Лицей-интернат №24» НМР РТ",null,"Экономика"]
[78774,"401024_15569625104_11","МБОУ \"Лицей-интернат №24\" НМР РТ",15569625104,"Зиганшин","Билал","Газинурович","м","17.12.2007","нет",9,9,null,100,"участник",null,"Ильясов А.И","МБОУ «Лицей-интернат №24» НМР РТ",null,"Экономика"]
[78775,"401024_14976219609_11","МБОУ \"Лицей-интернат №24\" НМР РТ",14976219609,"Ишмуратов","Булат","Ильсурович","м","14.02.2008","нет",9,9,null,100,"участник",null,"Ильясов А.И","МБОУ «Лицей-интернат №24» НМР РТ",null,"Экономика"]
[78776,"401024_15881194399_11","МБОУ \"Лицей-интернат №24\" НМР РТ",15881194399,"Казаков","Богдан","Денисович","м","26.11.2008","нет",9,9,2,100,"участник",null,"Ильясов А.И","МБОУ «Лицей-интернат №24» НМР РТ",null,"Экономика"]
[78777,"401024_17436478497_11","МБОУ \"Лицей-интернат №24\" НМР РТ",17436478497,"Капралов","Дамир","Станиславович","м","31.03.2008","нет",9,9,3,100,"участник",null,"Ильясов А.И","МБОУ «Лицей-интернат №24» НМР РТ",null,"Экономика"]
[78778,"401024_16696705625_11","МБОУ \"Лицей-интернат №24\" НМР РТ",16696705625,"Киямов","Самат","Рустемович","м","26.08.2008","нет",9,9,1,100,"участник",null,"Ильясов А.И","МБОУ «Лицей-интернат №24» НМР РТ",null,"Экономика"]
[78779,"401024_17744098807_11","МБОУ \"Лицей-интернат №24\" НМР РТ",17744098807,"Миндубаев","Тимур","Русланович","м","21.04.2008","нет",9,9,3,100,"участник",null,"Ильясов А.И","МБОУ «Лицей-интернат №24» НМР РТ",null,"Экономика"]
[78780,"401024_15625364873_11","МБОУ \"Лицей-интернат №24\" НМР РТ",15625364873,"Михайлов","Данила","Евгеньевич","м","24.07.2008","нет",9,9,5,100,"участник",null,"Ильясов А.И","МБОУ «Лицей-интернат №24» НМР РТ",null,"Экономика"]
[78781,"401024_16360834668_11","МБОУ \"Лицей-интернат №24\" НМР РТ",16360834668,"Мухаметшин","Самат","Рустамович","м","22.09.2007","нет",9,9,6,100,"участник",null,"Ильясов А.И","МБОУ «Лицей-интернат №24» НМР РТ",null,"Экономика"]
[78782,"401024_15886230503_11","МБОУ \"Лицей-интернат №24\" НМР РТ",15886230503,"Садыков","Эмиль","Русланович","м","05.07.2008","нет",9,9,1,100,"участник",null,"Ильясов А.И","МБОУ «Лицей-интернат №24» НМР РТ",null,"Экономика"]
[78783,"401024_16245448366_11","МБОУ \"Лицей-интернат №24\" НМР РТ",16245448366,"Тимченко","Иван","Андреевич","м","08.10.2008","нет",9,9,1,100,"участник",null,"Ильясов А.И","МБОУ «Лицей-интернат №24» НМР РТ",null,"Экономика"]
[78784,"401024_15152956462_11","МБОУ \"Лицей-интернат №24\" НМР РТ",15152956462,"Шайхутдинов","Самир","Ильдарович","м","08.07.2008","нет",9,9,1,100,"участник",null,"Ильясов А.И","МБОУ «Лицей-интернат №24» НМР РТ",null,"Экономика"]
[78785,"401024_16242352944_11","МБОУ \"Лицей-интернат №24\" НМР РТ",16242352944,"Акулинин","Александр","Сергеевич","м","24.12.2008","нет",9,9,5,100,"участник",null,"Ильясов А.И","МБОУ «Лицей-интернат №24» НМР РТ",null,"Экономика"]
[78786,"401024_17265344778_11","МБОУ \"Лицей-интернат №24\" НМР РТ",17265344778,"Большаков","Марк","Евгеньевич","м","05.11.2008","нет",9,9,6,100,"участник",null,"Ильясов А.И","МБОУ «Лицей-интернат №24» НМР РТ",null,"Экономика"]
[78787,"401024_16560580576_11","МБОУ \"Лицей-интернат №24\" НМР РТ",16560580576,"Валиуллин","Ильяс","Альбертович","м","08.05.2008","нет",9,9,6,100,"участник",null,"Ильясов А.И","МБОУ «Лицей-интернат №24» НМР РТ",null,"Экономика"]
[78788,"401024_17457487717_11","МБОУ \"Лицей-интернат №24\" НМР РТ",17457487717,"Галимуллин","Самат","Маратович","м","05.08.2008","нет",9,9,7,100,"участник",null,"Ильясов А.И","МБОУ «Лицей-интернат №24» НМР РТ",null,"Экономика"]
[78789,"401024_15992349117_11","МБОУ \"Лицей-интернат №24\" НМР РТ",15992349117,"Галиуллин","Айрат","Маратович","м","18.11.2007","нет",9,9,3,100,"участник",null,"Ильясов А.И","МБОУ «Лицей-интернат №24» НМР РТ",null,"Экономика"]
[78790,"401024_18049735593_11","МБОУ \"Лицей-интернат №24\" НМР РТ",18049735593,"Рустаев","Самир","Рустамович","м","01.09.2008","нет",9,9,null,100,"участник",null,"Ильясов А.И","МБОУ «Лицей-интернат №24» НМР РТ",null,"Экономика"]
[78791,"401024_16089196193_11","МБОУ \"Лицей-интернат №24\" НМР РТ",16089196193,"Салихов","Самир","Фэнисович","м","08.03.2008","нет",9,9,null,100,"участник",null,"Ильясов А.И","МБОУ «Лицей-интернат №24» НМР РТ",null,"Экономика"]
[78792,"401024_15114573533_11","МБОУ \"Лицей-интернат №24\" НМР РТ",15114573533,"Семенов","Дмитрий","Владимирович","м","17.05.2008","нет",9,9,null,100,"участник",null,"Ильясов А.И","МБОУ «Лицей-интернат №24» НМР РТ",null,"Экономика"]
[78793,"401024_16042125919_11","МБОУ \"Лицей-интернат №24\" НМР РТ",16042125919,"Сукаев","Ильяс","Шамилевич","м","06.09.2008","нет",9,9,2,100,"участник",null,"Ильясов А.И","МБОУ «Лицей-интернат №24» НМР РТ",null,"Экономика"]
[78794,"401024_15622642456_11","МБОУ \"Лицей-интернат №24\" НМР РТ",15622642456,"Тураев","Кирилл","Александрович","м","30.10.2008","нет",9,9,3,100,"участник",null,"Ильясов А.И","МБОУ «Лицей-интернат №24» НМР РТ",null,"Экономика"]
[78795,"401024_17252787791_11","МБОУ \"Лицей-интернат №24\" НМР РТ",17252787791,"Усманов","Булат","Ильдарович","м","27.12.2007","нет",9,9,1,100,"участник",null,"Ильясов А.И","МБОУ «Лицей-интернат №24» НМР РТ",null,"Экономика"]
[78796,"401024_16110469526_11","МБОУ \"Лицей-интернат №24\" НМР РТ",16110469526,"Хабибулин","Айдар","Рушанович","м","20.02.2008","нет",9,9,3,100,"участник",null,"Ильясов А.И","МБОУ «Лицей-интернат №24» НМР РТ",null,"Экономика"]
[78797,"401024_20274337129_11","МБОУ \"Лицей-интернат №24\" НМР РТ",20274337129,"Хабибуллин","Руслан","Германович","м","11.10.2007","нет",9,9,5,100,"участник",null,"Ильясов А.И","МБОУ «Лицей-интернат №24» НМР РТ",null,"Экономика"]
[78798,"401024_16098285597_11","МБОУ \"Лицей-интернат №24\" НМР РТ",16098285597,"Хисамиев","Ильяс","Ильнарович","м","06.01.2009","нет",9,9,6,100,"участник",null,"Ильясов А.И","МБОУ «Лицей-интернат №24» НМР РТ",null,"Экономика"]
[78799,"401024_15565482997_11","МБОУ \"Лицей-интернат №24\" НМР РТ",15565482997,"Хузеев","Эльдар","Айратович","м","23.04.2008","нет",9,9,1,100,"участник",null,"Ильясов А.И","МБОУ «Лицей-интернат №24» НМР РТ",null,"Экономика"]
[78800,"401024_15890818513_11","МБОУ \"Лицей-интернат №24\" НМР РТ",15890818513,"Якушев","Глеб","Евгеньевич","м","13.11.2008","нет",9,9,9,100,"участник",null,"Ильясов А.И","МБОУ «Лицей-интернат №24» НМР РТ",null,"Экономика"]
[78801,"401024_14743090055_11","МБОУ \"Лицей-интернат №24\" НМР РТ",14743090055,"Айтуганов","Айдар","Ильдарович","м","10.08.2007","нет",10,10,1,100,"участник",null,"Ильясов А.И","МБОУ «Лицей-интернат №24» НМР РТ",null,"Экономика"]
[78802,"401024_14607722762_11","МБОУ \"Лицей-интернат №24\" НМР РТ",14607722762,"Андреев","Валерий","Вячеславович","м","26.03.2007","нет",10,10,3,100,"участник",null,"Ильясов А.И","МБОУ «Лицей-интернат №24» НМР РТ",null,"Экономика"]
[78803,"401024_16439413173_11","МБОУ \"Лицей-интернат №24\" НМР РТ",16439413173,"Григорьев","Эдуард","Васильевич","м","14.10.2007","нет",10,10,5,100,"участник",null,"Ильясов А.И","МБОУ «Лицей-интернат №24» НМР РТ",null,"Экономика"]
[78804,"401024_14672104551_11","МБОУ \"Лицей-интернат №24\" НМР РТ",14672104551,"Калимуллин","Айзат","Наилович","м","26.06.2007","нет",10,10,6,100,"участник",null,"Ильясов А.И","МБОУ «Лицей-интернат №24» НМР РТ",null,"Экономика"]
[78805,"401024_14596257702_11","МБОУ \"Лицей-интернат №24\" НМР РТ",14596257702,"Киямутдинов","Камиль","Айратович","м","26.02.2007","нет",10,10,1,100,"участник",null,"Ильясов А.И","МБОУ «Лицей-интернат №24» НМР РТ",null,"Экономика"]
[78806,"401024_15560745473_11","МБОУ \"Лицей-интернат №24\" НМР РТ",15560745473,"Колзин","Матвей","Андреевич","м","25.06.2007","нет",10,10,1,100,"участник",null,"Ильясов А.И","МБОУ «Лицей-интернат №24» НМР РТ",null,"Экономика"]
[78807,"401024_16004291215_11","МБОУ \"Лицей-интернат №24\" НМР РТ",16004291215,"Кузнецов","Амир","Игоревич","м","22.02.2007","нет",10,10,1,100,"участник",null,"Ильясов А.И","МБОУ «Лицей-интернат №24» НМР РТ",null,"Экономика"]
[78808,"401024_15037474046_11","МБОУ \"Лицей-интернат №24\" НМР РТ",15037474046,"Сайфуллин","Рафаэль","Рамисович","м","23.01.2007","нет",10,10,5,100,"участник",null,"Ильясов А.И","МБОУ «Лицей-интернат №24» НМР РТ",null,"Экономика"]
[78809,"401024_14478600377_11","МБОУ \"Лицей-интернат №24\" НМР РТ",14478600377,"Хамидуллин","Ислам","Альбертович","м","21.02.2007","нет",10,10,1,100,"участник",null,"Ильясов А.И","МБОУ «Лицей-интернат №24» НМР РТ",null,"Экономика"]
[78810,"401024_15803263556_11","МБОУ \"Лицей-интернат №24\" НМР РТ",15803263556,"Хамидуллин","Райнур","Ринатович","м","05.12.2006","нет",10,10,3,100,"участник",null,"Ильясов А.И","МБОУ «Лицей-интернат №24» НМР РТ",null,"Экономика"]
[78811,"401024_15833144162_11","МБОУ \"Лицей-интернат №24\" НМР РТ",15833144162,"Хисамеев","Камиль","Марселевич","м","05.01.2007","нет",10,10,5,100,"участник",null,"Ильясов А.И","МБОУ «Лицей-интернат №24» НМР РТ",null,"Экономика"]
[78812,"401024_14497846113_11","МБОУ \"Лицей-интернат №24\" НМР РТ",14497846113,"Шакуров","Айзат","Рифатович","м","26.01.2007","нет",10,10,6,100,"участник",null,"Ильясов А.И","МБОУ «Лицей-интернат №24» НМР РТ",null,"Экономика"]
[78813,"401024_15790268598_11","МБОУ \"Лицей-интернат №24\" НМР РТ",15790268598,"Швецов","Вячеслав","Евгеньевич","м","01.01.2007","нет",10,10,1,100,"участник",null,"Ильясов А.И","МБОУ «Лицей-интернат №24» НМР РТ",null,"Экономика"]
[78814,"401024_17822870398_11","МБОУ \"Лицей-интернат №24\" НМР РТ",17822870398,"Гайсин","Рамазан","Салаватович","м","01.09.2007","нет",10,10,1,100,"участник",null,"Ильясов А.И","МБОУ «Лицей-интернат №24» НМР РТ",null,"Экономика"]
[78815,"401024_15992338920_11","МБОУ \"Лицей-интернат №24\" НМР РТ",15992338920,"Кожевников","Павел","Александрович","м","08.05.2007","нет",10,10,5,100,"участник",null,"Ильясов А.И","МБОУ «Лицей-интернат №24» НМР РТ",null,"Экономика"]
[78816,"401024_16020767634_11","МБОУ \"Лицей-интернат №24\" НМР РТ",16020767634,"Кудашев","Камиль","Азатович","м","15.04.2008","нет",10,10,6,100,"участник",null,"Ильясов А.И","МБОУ «Лицей-интернат №24» НМР РТ",null,"Экономика"]
[78817,"401024_14727365783_11","МБОУ \"Лицей-интернат №24\" НМР РТ",14727365783,"Насибуллин","Карим","Маратович","м","14.08.2007","нет",10,10,6,100,"участник",null,"Ильясов А.И","МБОУ «Лицей-интернат №24» НМР РТ",null,"Экономика"]
[78818,"401024_15414674257_11","МБОУ \"Лицей-интернат №24\" НМР РТ",15414674257,"Сабиров","Айнур","Наилевич","м","18.10.2007","нет",10,10,7,100,"участник",null,"Ильясов А.И","МБОУ «Лицей-интернат №24» НМР РТ",null,"Экономика"]
[78819,"401024_15731887696_11","МБОУ \"Лицей-интернат №24\" НМР РТ",15731887696,"Хазиев","Айдар","Алмазович","м","14.03.2007","нет",10,10,3,100,"участник",null,"Ильясов А.И","МБОУ «Лицей-интернат №24» НМР РТ",null,"Экономика"]
[78820,"401024_15586260289_11","МБОУ \"Лицей-интернат №24\" НМР РТ",15586260289,"Шарифуллин","Булат","Анасович","м","12.03.2008","нет",10,10,null,100,"участник",null,"Ильясов А.И","МБОУ «Лицей-интернат №24» НМР РТ",null,"Экономика"]